000 00469nam a2200181Ia 4500
003 GCL
008 140319s9999 xx 000 0 eng d
040 _aGCL /
_cGCL
082 0 4 _a843
_bJ S
100 1 _aJACOBS, RODERICK
245 1 0 _aLA STATURE INTERIEURE /
_cJACOBS, RODERICK
260 _a[S.N] :
_bEDITIONS ODILE JACOB ،
_c1987
300 _a438 P
490 _aCOLLECTION FOLIO
_v0
650 0 4 _aLITERATURE
650 0 4 _aFRENCH LITERATURE
942 _2ddc
_cBK
999 _c22237
_d22237